1061 1313 1337 1293 1760 1003 1910 1417 1399 1120 1370 1416 1136 1978 1627 1250 1589 1536 1928 1867 1521 1115 1884 1085 1572 1629 1549 1499 1496 1083 1624 1811 1898 1138 1175 1514 1876 1127 1160 1042 1418 1674 1717 1653 1651 1335 1070 1487 1491 1794 1630 1362 1937 1265 1702 1830 1979 1087 1678 1908 1475 1602 1388 1513 1714 1545 1615 1850 1397 1649 1422 1219 1984 1096 1045 1990 1248 1066 1681 1515 1888 1738 1969 1054 1701 1465 1183 1525 1991 1828 1627 1557 1409 1510 1203 1484 1086 1593 1809 BCNSPRNW ULIB Ver.6.0+V

เปลี่ยนเป็นภาษาไทย

Change to English
 แสดงรายละเอียดบรรณานุกรม
  กลับหน้าหลัก

Brief Record : Get Marc (ISO 2709) : E-mail record : QR code < ปิดหน้าต่าง
LEADER : 00000nam 2200000uu 4500
001    13399112568
003     ULIB
008    110825s2547||||th 000 0 tha d
020    9744094133
050 04 HQ769^bก322ล 2547
245 00 กว่า...ลูกจะอายุ 8 ขวบ ก็เกือบสายเสียแล้ว /^cเรียบเรียงโดย ชมรมผู้รักเด็ก
246 30 กว่าลูกจะอายุ 8 ขวบ ก็เกือบสายเสียแล้ว
250    พิมพ์ครั้งที่ 1
260    กรุงเทพฯ :^bสุขภาพใจ,^c2547
300    291 หน้า ;^c21 ซม
505 2  สร้างสรรค์บรรยากาศภายในบ้านให้ลูกเฉลียวฉลาดได้อย่างน่าอัศจรรย์ --เทคนิคการกระตุ้นสติปัญญาทารกแรกเกิด-ขวบปีแรกให้เป็นเด็กฉลาดหลักแหลม -- ยกระดับสติปัญญาลูกรักในช่วงแรกเกิด-3 ขวบอันนับเป็นช่วงวิกฤต -- เทคนิคการกระตุ้นความเฉลียวฉลาดของลูกวัย 3-6 ขวบ -- ควรสอนลูกให้อ่านหนังสือออกก่อนเข้าเรียนหรือไม่ -- สนับสนุนลูกให้มีความคิดสร้างสรรค์อย่างถูกวิธี -- แนวความคิดของนักจิตวิทยาการเลี้ยงดูเด็กที่นำมาใช้ที่บ้านได้ผลดี
650  7 การเรียนรู้
650  7 เด็ก^xการดูแล
650  7 จิตวิทยาเด็ก
945    ^p0^l0^i017040
995    ทศพร
999 ^a ใช้งานได้ทุกระบบ
รายการนี้ยังไม่มีแท็ก
คุณยังไม่ได้ล็อกอิน คุณสามารถมีกิจกรรมร่วมกับเว็บไซต์ได้ แต่ต้องล็อกอินก่อน ::
  ล็อกอิน

รายการสื่อสารสนเทศ

ลำดับที่ ประเภท เลขเรียก/บาร์โค้ด สถานที่ สถานะ
- ไม่พบข้อมูล -

รายการใกล้เคียง
    หัวเรื่อง [การเรียนรู้]
    หัวเรื่อง [เด็ก การดูแล]
    หัวเรื่อง [จิตวิทยาเด็ก]

BibComment


ยังไม่เคยถูกคอมเมนท์

คอมเมนท์ทรัพยากรรายการนี้
  คอมเมนท์: กว่าลูกจะอายุ 8 ข..


 Copyright 2026. Bcnsprnw @Library